000 00654 a2200181 4500
999 _c4468
_d4468
010 _aENG-86353
020 _a8176299014
_c750.00
035 _aEN-69886
037 _bDBAD / PUB
082 1 4 _a346.54092
100 1 _aChaturvedi, Sharad Kumar
245 1 _aForeign investment law and its impact on labour /
_cby Sharad Kumar Chaturvedi
260 _aNew Delhi
_bDeep & Deep Publications
_c2007
270 _aF-159, Rajouri Garden
_bNew Delhi
_e110 027
_k011-2545369
_mdeep98@del.13.vsnl.net.in
300 _axxiv, 305 p.
_c23cm. (Hb.)
500 _aIncludes bibliographical references and index
942 _adpl
_cEN
_2ddc
_h346.54092
_mCHA